000 00802nam a2200241 i 4500
001 7550
003 ES-MaACL
005 20250904063038.0
007 t|
008 910304s1990 sp |||| | spa d
020 _a84-206-0499-2
080 _a91(892)
100 1 _aAzara, Félix de,
_d1742-1821
_924234
245 1 0 _aDescripción general de Paraguay /
_cFélix de Azara ; edición, introducción y notas de Andrés Galera Gómez.
260 _aMadrid :
_bAlianza :
_bSociedad Quinto Centenario,
_cD.L. 1990.
300 _a300 p. ;
_c19 cm.
490 1 _aLibro de bolsillo ;
_v1499
651 4 _aParaguay-
_xDescripción.
_9143274
700 1 _aGalera Gómez, Andrés.
_953382
830 0 3 _aEl libro de bolsillo
_v1499
_9177802
852 _aES-MaACL
_jL-14809
999 _c7550
_d7550